000 00380nam a22001337a 4500
082 _aP-549
100 _aMuhammad Badar Munir.
_947670
245 _aAnalysis of rutted road section/
_bMuhammad Badar Munir, Muhammad Jahangir Khan.
260 _aMCE
_c2010-2014.
526 _a0
_b0
_c0
_dP_549
650 _aProject.
700 _aDr. Nadeem Anwar Qureshi
_947671
942 _2ddc
_cBK
999 _c550840
_d550840